[Event "Zonal B"]
[Site "Budapest HUN"]
[Date "1993.??.??"]
[Round "10"]
[White "Portisch, Lajos"]
[Black "Topalov, Veselin"]
[Result "1/2-1/2"]
[WhiteElo "2580"]
[BlackElo "2635"]
[EventDate "1993.03.??"]

1.d4 d5 2.c4 e6 3.Cc3 c6 4.e3 Cf6 5.Cf3 Cbd7 6.Dc2 Fd6 7.b3 O-O 8.Fe2 Te8 
9.O-O De7 10.Fb2 b6 11.Tfe1 Fb7 12.Cd2 Tac8 13.e4 e5 14.dxe5 Fxe5 15.exd5 
cxd5 16.Ff3 Dd6 17.h3 Db8 18.cxd5 1/2-1/2

[Event "Zonal B"]
[Site "Budapest HUN"]
[Date "1993.??.??"]
[Round "11"]
[White "Topalov, Veselin"]
[Black "Kuczynski, Robert"]
[Result "1/2-1/2"]
[WhiteElo "2635"]
[BlackElo "2525"]
[EventDate "1993.03.??"]

1.d4 d5 2.c4 c6 3.Cf3 Cf6 4.Cc3 e6 5.Fg5 h6 6.Fxf6 Dxf6 7.Db3 a5 8.g3 Dd8 
9.Fg2 Fe7 10.O-O O-O 11.Tfd1 Cd7 12.e4 dxe4 13.Cxe4 a4 14.Dc2 Dc7 15.Cc3 
a3 16.b3 Td8 17.Tac1 Cf6 18.Ce5 Fd7 19.c5 Fe8 20.Cc4 Cd7 21.Ca4 Ff6 
1/2-1/2

[Event "?"]
[Site "Leon ESP"]
[Date "1993.??.??"]
[Round "1"]
[White "Topalov, Veselin"]
[Black "Sion Castro, Marcelino"]
[Result "1-0"]
[WhiteElo "2635"]
[BlackElo "2390"]
[EventDate "1993.05.??"]

1.e4 c5 2.Cf3 e6 3.d4 cxd4 4.Cxd4 Cf6 5.Cc3 Cc6 6.Cdb5 Fb4 7.a3 Fxc3+ 8.
Cxc3 d5 9.exd5 exd5 10.Fd3 O-O 11.O-O d4 12.Ce2 Fg4 13.Fg5 Dd6 14.f3 Fh5 
15.De1 Fg6 16.Td1 Cd5 17.Df2 Cb6 18.Fc1 Tac8 19.b3 Tfd8 20.Fb2 Cd5 21.Cxd4
Fxd3 22.Txd3 Cf4 23.Td2 Cxd4 24.Txd4 Dg6 25.Txd8+ Txd8 26.Rh1 Tc8 27.Td1 
h5 28.Td2 Te8 29.h3 Dg5 30.h4 Dg6 31.Rh2 Df5 32.Dxa7 Cxg2 33.Dd4 1-0

[Event "?"]
[Site "Leon ESP"]
[Date "1993.??.??"]
[Round "2"]
[White "Topalov, Veselin"]
[Black "Yudasin, Leonid"]
[Result "1/2-1/2"]
[WhiteElo "2635"]
[BlackElo "2610"]
[EventDate "1993.05.??"]

1.e4 c5 2.Cf3 d6 3.d4 cxd4 4.Cxd4 Cf6 5.Cc3 Cc6 6.Fg5 e6 7.Dd2 Fe7 8.O-O-O
O-O 9.f4 Cxd4 10.Dxd4 Da5 11.Fc4 Fd7 12.e5 dxe5 13.fxe5 Fc6 14.Fd2 Cd7 15.
Cd5 Dd8 16.Cxe7+ Dxe7 17.The1 Dc5 18.Dxc5 Cxc5 19.Fe3 Cd7 20.Ff1 Tfc8 21.
Ff2 h6 22.b3 b6 23.Td4 Rf8 24.Rb2 Cc5 25.Ted1 Re8 26.Tg4 Rf8 27.Tc4 Fd5 
28.Tcd4 Re8 29.Fh4 Fc6 30.Td6 Cb7 31.T6d4 Cc5 32.a3 Cd7 33.Fa6 Tc7 34.Ff1 
Tb8 35.Td6 Tcc8 36.a4 Tc7 37.T1d4 g5 38.Fg3 Re7 39.Tc4 Tbc8 40.h4 Fb7 41.
Txc7 Txc7 42.hxg5 hxg5 43.Td4 Cc5 44.Fe1 Td7 45.Txd7+ Rxd7 46.Rc3 Fe4 47.
Fb5+ Rc7 48.Fe8 Fg6 49.b4 Cd7 50.Rd4 Rd8 1/2-1/2

[Event "?"]
[Site "Leon ESP"]
[Date "1993.??.??"]
[Round "3"]
[White "Illescas Cordoba, Miguel"]
[Black "Topalov, Veselin"]
[Result "1/2-1/2"]
[WhiteElo "2615"]
[BlackElo "2635"]
[EventDate "1993.05.??"]

1.Cf3 d6 2.d4 f5 3.g3 Cf6 4.Fg2 g6 5.O-O Fg7 6.c4 O-O 7.Cc3 De8 8.d5 Ca6 
9.Tb1 Fd7 10.b4 c6 11.dxc6 Fxc6 12.Db3 Ce4 13.Fb2 Cxc3 14.Fxc3 Fxc3 15.
Dxc3 Tc8 16.Tbc1 Tf6 17.a3 Rg7 18.Tfe1 Cb8 19.c5 Fe4 20.De3 dxc5 21.Txc5 
Txc5 22.Dxc5 a6 23.Ce5 Fxg2 24.Rxg2 Cd7 25.Dc3 Cxe5 26.Dxe5 Dc6+ 27.Rg1 
Dd6 28.Dxd6 1/2-1/2

[Event "?"]
[Site "Leon ESP"]
[Date "1993.??.??"]
[Round "4"]
[White "Topalov, Veselin"]
[Black "Leko, Peter"]
[Result "1/2-1/2"]
[WhiteElo "2635"]
[BlackElo "2465"]
[EventDate "1993.05.??"]

1.c4 c5 2.g3 g6 3.Fg2 Fg7 4.Cf3 Cc6 5.O-O Cf6 6.d4 cxd4 7.Cxd4 O-O 8.Cc3 
Cg4 9.e3 d6 10.Cce2 Fd7 11.b3 Cxd4 12.Cxd4 Tb8 13.Fb2 Da5 14.h3 Ce5 15.De2
Tfc8 16.Tfd1 Cc6 17.Cb5 Fxb2 18.Dxb2 a6 19.Cc3 De5 20.Tac1 b5 21.cxb5 axb5
22.Dd2 Rf8 23.f4 Dg7 24.Ce4 Td8 25.Cxd6 Fxh3 26.Txc6 Fxg2 27.Rxg2 Df6 28.
Rf3 Ta8 29.Dd4 Dxd4 30.Txd4 Txd6 31.Tdxd6 exd6 32.Txd6 Txa2 33.Tb6 h5 34.
Txb5 Tb2 35.b4 f5 36.Tb7 Rg8 37.b5 Rf8 38.b6 Rg8 39.g4 hxg4+ 40.Rg3 Rf8 
41.Rh4 Tb3 42.Rg5 g3 43.Rxg6 Txe3 44.Rf6 Rg8 45.Tg7+ Rh8 46.Tg5 Rh7 47.
Tg7+ Rh8 48.Rf7 Td3 49.b7 Td8 50.Txg3 Td7+ 51.Rf8 Txb7 52.Th3+ Th7 53.
Txh7+ Rxh7 54.Rf7 1/2-1/2

[Event "?"]
[Site "Leon ESP"]
[Date "1993.??.??"]
[Round "5"]
[White "Morovic Fernandez, Ivan"]
[Black "Topalov, Veselin"]
[Result "1/2-1/2"]
[WhiteElo "2570"]
[BlackElo "2635"]
[EventDate "1993.05.??"]

1.e4 e5 2.Cf3 Cc6 3.Fb5 a6 4.Fxc6 dxc6 5.O-O f6 6.d4 exd4 7.Cxd4 c5 8.Cb3 
Dxd1 9.Txd1 Fg4 10.f3 Fe6 11.Fe3 b6 12.a4 a5 13.Cc3 c6 14.Cc1 g6 15.C1e2 
Ch6 16.Fxh6 Fxh6 17.Td6 Fd7 18.Tad1 Td8 19.Txf6 Re7 20.Tfd6 Fe3+ 21.Rf1 
Fd4 22.T6xd4 cxd4 23.Cxd4 Fe8 24.Re2 Tf8 25.Re3 c5 26.Cdb5 Txd1 27.Cxd1 
Ff7 28.Cdc3 Rd7 29.f4 Fe6 30.g3 h5 31.h4 Td8 32.e5 Rc6 33.Cd6 Txd6 34.exd6
Rxd6 35.Ce4+ Rd5 36.Cd2 Ff5 37.c4+ Rc6 38.Ce4 Fe6 39.Cd2 Rd6 40.Ce4+ Re7 
1/2-1/2

[Event "?"]
[Site "Leon ESP"]
[Date "1993.??.??"]
[Round "6"]
[White "Topalov, Veselin"]
[Black "Garcia Ilundain, David"]
[Result "1/2-1/2"]
[WhiteElo "2635"]
[BlackElo "2475"]
[EventDate "1993.05.??"]

1.c4 Cf6 2.Cc3 e5 3.Cf3 Cc6 4.g3 Fb4 5.Cd5 Fd6 6.Fg2 O-O 7.O-O e4 8.Ce1 
Te8 9.d3 Cxd5 10.cxd5 exd3 11.Cxd3 Ce5 12.e4 Cxd3 13.Dxd3 Fc5 14.Fe3 Fxe3 
15.Dxe3 d6 16.Tac1 Fd7 17.Df4 Te5 18.Tfd1 c5 19.dxc6 Fxc6 20.Td4 De7 21.
Tcd1 Te8 22.Txd6 Fxe4 23.Td7 De6 24.Fxe4 Txe4 25.Df3 h6 26.Txb7 Dc4 27.h4 
Te1+ 28.Txe1 Txe1+ 29.Rh2 De6 30.Txa7 Te5 31.Ta8+ Rh7 32.Dd3+ f5 33.Df3 
Te4 34.Ta5 f4 35.g4 Td4 36.b3 De1 37.Tf5 Dd2 38.a4 Dc2 39.h5 Td3 40.Dxf4 
Txb3 41.Te5 Tb4 42.Df7 Txg4 43.Te8 Tg2+ 44.Rxg2 Dc6+ 45.Df3 Dxe8 46.Df5+ 
Rh8 47.a5 Dc6+ 48.f3 Dd6 49.Dc8+ Rh7 50.Dc2+ Rh8 51.De2 Dd8 52.De5 Dd2+ 
53.Rg3 Dc1 54.f4 Dg1+ 55.Rf3 Df1+ 56.Re4 Dc4+ 57.Rf3 Dd3+ 58.Rg4 Dd1+ 59.
Rh4 Dd8+ 60.Rg3 Dd3+ 61.Rg4 Dd7+ 1/2-1/2

[Event "?"]
[Site "Leon ESP"]
[Date "1993.??.??"]
[Round "8"]
[White "Topalov, Veselin"]
[Black "Romero Holmes, Alfonso"]
[Result "1-0"]
[WhiteElo "2635"]
[BlackElo "2210"]
[EventDate "1993.05.??"]

1.e4 c5 2.Cf3 d6 3.d4 cxd4 4.Cxd4 Cf6 5.Cc3 g6 6.Fe3 Fg7 7.f3 O-O 8.Dd2 
Cc6 9.Fc4 Fd7 10.h4 Ce5 11.Fb3 h5 12.O-O-O Tc8 13.Fg5 Tc5 14.g4 hxg4 15.f4
Cc4 16.De2 b5 17.f5 Db6 18.h5 Cxh5 19.Dxg4 Cxb2 20.Rxb2 Txc3 21.Rxc3 Dc5+ 
22.Rb2 Fxd4+ 23.Rb1 Fg7 24.Fh6 Dc3 25.Fxg7 Dxg7 26.Tdg1 1-0

[Event "?"]
[Site "Leon ESP"]
[Date "1993.??.??"]
[Round "9"]
[White "Vyzmanavin, Alexey"]
[Black "Topalov, Veselin"]
[Result "1/2-1/2"]
[WhiteElo "2620"]
[BlackElo "2635"]
[EventDate "1993.05.??"]

1.d4 Cf6 2.c4 e6 3.Cf3 b6 4.g3 Fa6 5.b3 Fb4+ 6.Fd2 Fe7 7.Fg2 c6 8.Fc3 d5 
9.Ce5 Cfd7 10.Cxd7 Cxd7 11.Cd2 O-O 12.O-O Tc8 13.Te1 c5 14.cxd5 exd5 15.e4
cxd4 16.Fxd4 dxe4 17.Cxe4 Cf6 18.Cxf6+ 1/2-1/2

[Event "It A"]
[Site "Las Palmas ESP"]
[Date "1993.??.??"]
[Round "1"]
[White "Jussupow, Artur"]
[Black "Topalov, Veselin"]
[Result "0-1"]
[WhiteElo "2645"]
[BlackElo "2635"]
[EventDate "1993.06.??"]

1.d4 Cf6 2.Cf3 g6 3.Ff4 Fg7 4.e3 d6 5.Fe2 O-O 6.h3 c5 7.O-O Db6 8.Cbd2 Fe6
9.Cg5 Fd7 10.Cc4 Dc7 11.c3 h6 12.Cf3 b6 13.Fd3 Db7 14.Te1 Fc6 15.Ccd2 Ce4 
16.Cxe4 Fxe4 17.De2 Cd7 18.Fa6 Dc7 19.Cd2 Fb7 20.Fxb7 Dxb7 21.e4 cxd4 22.
cxd4 Tac8 23.Cf3 Tc7 24.De3 Rh7 25.Db3 Cf6 26.e5 dxe5 27.Cxe5 Tcc8 28.a4 
Cd5 29.Fd2 e6 30.h4 h5 31.a5 Tc7 32.a6 Dc8 33.Dd3 Td8 34.Fg5 Td6 35.Da3 
Fxe5 36.dxe5 Tdc6 37.Db3 Tc2 38.Ta4 T7c4 39.Te4 Txa4 40.Txa4 Te2 41.Df3 
Te1+ 42.Rh2 Rg8 43.Ff6 Dc7 44.g3 Dc2 45.b3 Te3 46.Dg2 Txb3 47.Td4 Td3 48.
Te4 Td2 49.Tf4 Rh7 50.Tf3 Ce3 0-1

[Event "It A"]
[Site "Las Palmas ESP"]
[Date "1993.??.??"]
[Round "2"]
[White "Topalov, Veselin"]
[Black "Adams, Michael"]
[Result "1-0"]
[WhiteElo "2635"]
[BlackElo "2630"]
[EventDate "1993.06.??"]

1.c4 Cf6 2.Cc3 e5 3.Cf3 Cc6 4.g3 Fb4 5.Cd5 e4 6.Ch4 d6 7.Fg2 g5 8.Da4 Fd7 
9.Cxb4 Cd4 10.Dd1 gxh4 11.Cc2 h3 12.Fxe4 Cxe4 13.Cxd4 Df6 14.Cf3 Fc6 15.
O-O h6 16.d4 d5 17.c5 O-O-O 18.Ce5 Thg8 19.a4 h5 20.Ta3 De6 21.b4 f6 22.
Cd3 h4 23.Cf4 Df5 24.b5 Fe8 25.Dd3 Td7 26.Db3 Tg5 27.c6 Tdg7 28.cxb7+ Rxb7
29.Df3 Dd7 30.Cd3 Fh5 31.Cc5+ Cxc5 32.dxc5 Rb8 33.Dxf6 Tf5 34.Dd4 Fxe2 35.
Te1 hxg3 36.Txg3 Txg3+ 37.fxg3 De8 38.Txe2 1-0

[Event "It A"]
[Site "Las Palmas ESP"]
[Date "1993.??.??"]
[Round "3"]
[White "Georgiev, Kiril"]
[Black "Topalov, Veselin"]
[Result "1/2-1/2"]
[WhiteElo "2660"]
[BlackElo "2635"]
[EventDate "1993.06.??"]

1.e4 c5 2.Cf3 d6 3.d4 cxd4 4.Cxd4 Cf6 5.Cc3 Cc6 6.Fc4 Db6 7.Cde2 e6 8.O-O 
a6 9.Fb3 Fe7 10.Cg3 h5 11.h3 h4 12.Cge2 Ca5 13.Rh1 Dc7 14.a4 b6 15.Fe3 Fb7
16.Dd4 d5 17.exd5 Fc5 18.Df4 Fd6 19.Dd4 Fc5 20.Dd3 Cxb3 21.cxb3 Fxd5 22.
Cxd5 Cxd5 23.Fxc5 Dxc5 24.Tac1 De7 25.Cc3 Cxc3 26.bxc3 O-O 27.Tfd1 Tfd8 
28.De3 Txd1+ 29.Txd1 Td8 30.Td4 b5 31.axb5 axb5 32.De5 Txd4 33.Dxd4 e5 34.
Dd5 Dg5 35.Da8+ Rh7 36.De4+ g6 37.c4 bxc4 38.bxc4 f5 39.f4 exf4 40.Df3 De7
41.Dxf4 Rg7 42.Df2 De4 43.Db2+ Rf7 1/2-1/2

[Event "It A"]
[Site "Las Palmas ESP"]
[Date "1993.??.??"]
[Round "4"]
[White "Topalov, Veselin"]
[Black "Rivas Pastor, Manuel"]
[Result "1/2-1/2"]
[WhiteElo "2635"]
[BlackElo "2515"]
[EventDate "1993.06.??"]

1.c4 e5 2.Cc3 Fb4 3.Cd5 Fc5 4.Cf3 e4 5.d4 Fe7 6.Cd2 c6 7.Cxe7 Dxe7 8.e3 f5
9.Fe2 Cf6 10.O-O d6 11.Cb1 O-O 12.Cc3 Fe6 13.f4 exf3 14.Txf3 d5 15.b3 Te8 
16.Fd2 Cbd7 17.Df1 Tf8 18.Tc1 Ce4 19.Cxe4 fxe4 20.Tf2 Dg5 21.a4 h5 22.Tc3 
Txf2 23.Dxf2 Tf8 24.Dg3 Dxg3 25.hxg3 g6 26.Fc1 Tf6 27.Fa3 Rf7 28.Fb4 Re8 
29.Fa5 Tf5 30.Fc7 Cf6 31.c5 Rd7 32.Ff4 g5 33.Fb8 a6 34.b4 Rc8 35.Fd6 Fd7 
36.Fe7 Cg8 37.Fd6 Ch6 38.Ta3 Cg4 1/2-1/2

[Event "It A"]
[Site "Las Palmas ESP"]
[Date "1993.??.??"]
[Round "6"]
[White "Anand, Viswanathan"]
[Black "Topalov, Veselin"]
[Result "1-0"]
[WhiteElo "2710"]
[BlackElo "2635"]
[EventDate "1993.06.??"]

1.e4 e5 2.Cf3 Cc6 3.Fb5 a6 4.Fa4 Cf6 5.O-O Fe7 6.Te1 b5 7.Fb3 O-O 8.c3 d5 
9.exd5 Cxd5 10.Cxe5 Cxe5 11.Txe5 c6 12.d4 Fd6 13.Te1 Dh4 14.g3 Dh3 15.Fe3 
Fg4 16.Dd3 Tae8 17.Cd2 f5 18.Df1 Dh5 19.f4 Rh8 20.Fxd5 cxd5 21.Dg2 Te4 22.
h4 h6 23.Cxe4 fxe4 24.Tf1 Tf6 25.a4 Tg6 26.axb5 axb5 27.f5 Fxf5 28.Ff4 Fe7
29.Fe5 Fxh4 30.Ta7 Fxg3 31.Fxg3 e3 32.Te7 Fe4 33.Te8+ Rh7 34.Txe4 dxe4 35.
Dxe4 Dh3 36.Tf3 e2 37.Db1 h5 38.Rf2 h4 39.Fe5 Dg2+ 40.Re3 1-0

[Event "It A"]
[Site "Las Palmas ESP"]
[Date "1993.??.??"]
[Round "7"]
[White "Topalov, Veselin"]
[Black "Morovic Fernandez, Ivan"]
[Result "0-1"]
[WhiteElo "2635"]
[BlackElo "2570"]
[EventDate "1993.06.??"]

1.c4 c6 2.e4 d5 3.cxd5 cxd5 4.exd5 Cf6 5.Cc3 Cxd5 6.Fc4 Cb6 7.Fb3 Cc6 8.
Cf3 Ff5 9.d4 e6 10.O-O Fe7 11.h3 O-O 12.a3 Ff6 13.Fe3 Tc8 14.De2 Tc7 15.
Tfd1 Td7 16.Dd2 Db8 17.Ca4 Cxa4 18.Fxa4 Fe4 19.Ff4 Dd8 20.Fxc6 Fxc6 21.Ce5
Fxe5 22.Fxe5 f6 23.Fg3 e5 24.Dc3 exd4 25.Dc4+ Rh8 26.Td2 Db6 27.f3 Tfd8 
28.Ff2 Fb5 29.Db4 a5 30.Db3 Dc6 31.Dd1 d3 32.Tc1 De6 33.a4 Fc4 34.Tc3 h6 
35.De1 Dxe1+ 36.Fxe1 Fa6 37.Fg3 Te8 38.Tc7 Td5 39.Tc3 Te6 40.Ff2 Tde5 41.
Tc1 Rh7 42.Fd4 Te2 43.Fc3 Txd2 44.Fxd2 Te2 45.Fc3 Fc4 46.Te1 Tc2 47.Td1 b6
48.Rh2 Rg6 49.Fd4 Rf5 50.Fxb6 Txb2 51.Fxa5 Rf4 52.Rg1 Re3 53.Te1+ Rd4 54.
Td1 Ta2 55.Fd2 Txd2 0-1

[Event "It A"]
[Site "Las Palmas ESP"]
[Date "1993.??.??"]
[Round "8"]
[White "Christiansen, Larry M"]
[Black "Topalov, Veselin"]
[Result "1/2-1/2"]
[WhiteElo "2620"]
[BlackElo "2635"]
[EventDate "1993.06.??"]

1.Cf3 d5 2.d4 c6 3.c4 e6 4.g3 Cf6 5.Fg2 Cbd7 6.Cbd2 b6 7.O-O Fb7 8.Dc2 c5 
9.cxd5 Cxd5 10.Da4 a6 11.Ce4 b5 12.Dd1 Fe7 13.Fg5 f6 14.dxc5 Cxc5 15.Cxc5 
Fxc5 16.Tc1 Tc8 17.Fd2 O-O 18.Db3 f5 19.Ce5 De7 20.Cd3 Fd6 21.e4 fxe4 22.
Fxe4 Cc3 23.Fxh7+ Rxh7 24.Txc3 e5 25.Txc8 Txc8 26.Tc1 Tf8 27.Fe3 Fa8 28.
Ce1 Rh8 29.Dd3 Fb4 30.Cg2 Db7 31.Df1 Td8 32.Fg5 Fd2 33.Fxd8 Fxc1 34.b3 Fd2
35.h4 Dd7 36.Fg5 Fxg5 37.hxg5 Dh3 38.f4 Dxg3 39.fxe5 Fe4 40.De2 Dxe5 41.
Dg4 1/2-1/2

[Event "It A"]
[Site "Las Palmas ESP"]
[Date "1993.??.??"]
[Round "9"]
[White "Topalov, Veselin"]
[Black "Azmaiparashvili, Zurab"]
[Result "1/2-1/2"]
[WhiteElo "2635"]
[BlackElo "2655"]
[EventDate "1993.06.??"]

1.d4 d5 2.c4 e6 3.Cf3 Cf6 4.Cc3 Fe7 5.Fg5 h6 6.Fh4 O-O 7.e3 b6 8.Fd3 Fb7 
9.O-O Cbd7 10.De2 c5 11.Tfd1 Ce4 12.Fxe7 1/2-1/2

[Event "?"]
[Site "Madrid ESP"]
[Date "1993.??.??"]
[Round "1"]
[White "Topalov, Veselin"]
[Black "Salov, Valery"]
[Result "1/2-1/2"]
[WhiteElo "2635"]
[BlackElo "2660"]
[EventDate "1993.06.??"]

1.e4 c5 2.Cf3 Cc6 3.d4 cxd4 4.Cxd4 Cf6 5.Cc3 d6 6.Fg5 e6 7.Dd2 a6 8.O-O-O 
h6 9.Ff4 Fd7 10.Cxc6 Fxc6 11.f3 d5 12.De1 Fb4 13.a3 Fa5 14.Fd2 De7 15.e5 
Cd7 16.Rb1 Fb6 17.f4 h5 18.Ce2 g6 19.g3 Dc5 20.Fc3 Df2 21.Dxf2 Fxf2 22.Fd4
Fxd4 23.Cxd4 Tc8 24.b3 Cc5 25.Fg2 b5 26.h3 Re7 27.g4 hxg4 28.hxg4 Fb7 29.
Rb2 Cd7 30.g5 Cc5 31.Txh8 Txh8 32.Th1 Txh1 33.Fxh1 Rd7 34.Ff3 Rc7 35.Rc3 
Rb6 36.b4 Ca4+ 37.Rd2 Fc6 38.c3 Rc7 39.Fd1 Cb6 40.Fb3 Fd7 41.Re3 Cc8 42.
Fc2 Ce7 43.Cb3 Rb6 44.Fd3 Fe8 45.Cd4 Cc6 46.Cc2 a5 47.Fe2 Fd7 48.Rd3 axb4 
49.axb4 Fc8 50.Ff3 Fb7 51.Ce3 Rc7 52.Cg4 Rd7 53.Rd2 Fa6 54.Fe2 Rd8 55.Cf2 
Rc7 56.Ff1 Ce7 57.Cg4 Rd8 58.Ce3 Cc6 59.Cc2 Rc7 60.Fd3 Rb6 1/2-1/2

[Event "?"]
[Site "Madrid ESP"]
[Date "1993.??.??"]
[Round "2"]
[White "Anand, Viswanathan"]
[Black "Topalov, Veselin"]
[Result "1/2-1/2"]
[WhiteElo "2710"]
[BlackElo "2635"]
[EventDate "1993.06.??"]

1.e4 c5 2.Cf3 d6 3.d4 cxd4 4.Cxd4 Cf6 5.Cc3 g6 6.Fe3 Fg7 7.f3 O-O 8.Dd2 
Cc6 9.Fc4 Fd7 10.h4 Ce5 11.Fb3 h5 12.Fh6 Tc8 13.Fxg7 Rxg7 14.O-O-O Cc4 15.
Dd3 Ca5 16.Cde2 Cxb3+ 17.cxb3 b5 18.Rb1 Db6 19.Cf4 Fc6 20.De2 Db7 21.The1 
e5 22.Cfd5 b4 23.Cxf6 bxc3 24.Txd6 Db4 25.Txc6 Txc6 26.Cd5 c2+ 27.Rc1 Da5 
28.a3 Tb8 29.b4 Da4 30.Dd3 Td8 31.Te2 a5 32.b5 Tc4 33.Td2 Td4 34.Dc3 Dxb5 
35.Txd4 exd4 36.Dxd4+ Rh6 37.Dd2+ Rg7 38.Dd4+ 1/2-1/2

[Event "?"]
[Site "Madrid ESP"]
[Date "1993.??.??"]
[Round "3"]
[White "Topalov, Veselin"]
[Black "Izeta Txabarri, Felix"]
[Result "1-0"]
[WhiteElo "2635"]
[BlackElo "2505"]
[EventDate "1993.06.??"]

1.e4 d6 2.d4 Cf6 3.Cc3 Cbd7 4.h3 e5 5.g4 h6 6.Fg2 exd4 7.Dxd4 g6 8.Fe3 Fg7
9.Dd2 Cb6 10.b3 d5 11.Td1 c6 12.Cge2 Fe6 13.Cf4 g5 14.Cxe6 fxe6 15.O-O De7
16.exd5 Cbxd5 17.Cxd5 Cxd5 18.c4 Cxe3 19.fxe3 Tf8 20.Dd3 Tf6 21.Txf6 Fxf6 
22.Dg6+ Df7 23.Dxf7+ Rxf7 24.Td7+ Fe7 25.Txb7 Td8 26.Fxc6 Td1+ 27.Rf2 Td2+
28.Rf3 Txa2 29.Re4 Rf6 30.Fe8 Ta5 31.b4 Ta3 32.c5 a5 33.c6 Tc3 34.bxa5 Fc5
35.Tf7+ Rg6 36.Tf5+ Rg7 37.Txc5 Txc5 38.a6 1-0

[Event "?"]
[Site "Madrid ESP"]
[Date "1993.??.??"]
[Round "4"]
[White "Rivas Pastor, Manuel"]
[Black "Topalov, Veselin"]
[Result "0-1"]
[WhiteElo "2515"]
[BlackElo "2635"]
[EventDate "1993.06.??"]

1.g3 d5 2.Cf3 Cf6 3.Fg2 e6 4.d4 Fe7 5.c4 O-O 6.Cc3 c6 7.O-O b6 8.b3 Fa6 9.
Fb2 Cbd7 10.Cd2 Tc8 11.e4 dxe4 12.Cdxe4 b5 13.cxb5 cxb5 14.Te1 b4 15.Ca4 
Fb5 16.Cec5 Cxc5 17.Cxc5 Fc6 18.a3 Fxg2 19.Rxg2 a5 20.axb4 axb4 21.Ta7 Ta8
22.Da1 Fxc5 23.dxc5 Dd5+ 24.Rg1 Ce4 25.Txa8 Txa8 26.Dd1 Dxd1 27.Txd1 Cxc5 
28.Fe5 f6 29.Fc7 Cxb3 30.Rf1 e5 31.f4 Ta2 32.Td8+ Rf7 33.fxe5 fxe5 34.Tb8 
Cd2+ 0-1

[Event "?"]
[Site "Madrid ESP"]
[Date "1993.??.??"]
[Round "5"]
[White "Topalov, Veselin"]
[Black "Polgar, Judit"]
[Result "1-0"]
[WhiteElo "2635"]
[BlackElo "2595"]
[EventDate "1993.06.??"]

1.e4 c5 2.Cf3 e6 3.d4 cxd4 4.Cxd4 Cf6 5.Cc3 d6 6.g4 h6 7.Fe3 Cc6 8.f3 a6 
9.Fc4 Ca5 10.Fd3 b5 11.Dd2 Dc7 12.O-O-O Tb8 13.Rb1 g6 14.h4 Cd7 15.f4 Cc4 
16.Fxc4 Dxc4 17.g5 hxg5 18.hxg5 Txh1 19.Txh1 Fb7 20.b3 Dc7 21.Th8 e5 22.
Cdxb5 axb5 23.Cxb5 Dc6 24.Cxd6+ Re7 25.fxe5 Re6 26.Cb5 Dxb5 27.Txf8 Dc6 
28.Txb8 Cxb8 29.Dd8 Ca6 30.Df6+ Rd7 31.Dxf7+ Rc8 32.Df8+ Rc7 33.Df7+ Rb8 
34.e6 Dxe4 35.e7 Fc6 36.e8=D+ 1-0

[Event "?"]
[Site "Madrid ESP"]
[Date "1993.??.??"]
[Round "6"]
[White "Illescas Cordoba, Miguel"]
[Black "Topalov, Veselin"]
[Result "0-1"]
[WhiteElo "2615"]
[BlackElo "2635"]
[EventDate "1993.06.??"]

1.Cf3 Cf6 2.c4 g6 3.Cc3 Fg7 4.e4 d6 5.d4 O-O 6.Fe2 e5 7.O-O Cc6 8.d5 Ce7 
9.Ce1 Ce8 10.Fe3 f5 11.f3 f4 12.Ff2 h5 13.c5 g5 14.a4 Rh8 15.a5 dxc5 16.
Fxc5 Cd6 17.Cd3 Cg8 18.b4 Ch6 19.Cf2 Tg8 20.Ta3 Ff8 21.h3 b6 22.axb6 cxb6 
23.Fxd6 Fxd6 24.Cb5 Fxb4 25.Txa7 Txa7 26.Cxa7 Fc5 27.Cc6 Df6 28.Da1 Cf7 
29.Tc1 g4 30.hxg4 hxg4 31.fxg4 Fxg4 32.Fxg4 Fxf2+ 33.Rxf2 Txg4 34.Th1+ Rg7
35.Da3 Dg6 36.Dh3 Tg3 37.Df5 Txg2+ 38.Rf1 Dxf5 39.exf5 Td2 40.Tg1+ Rf6 41.
Tg6+ Rxf5 42.Ce7+ Re4 43.Txb6 Cg5 44.Tb3 f3 45.Tb4+ Rd3 46.d6 Rc3 47.Ta4 
Txd6 48.Cf5 Td2 49.Cg3 Rd3 50.Ta5 Ce4 51.Ta3+ Cc3 52.Ta8 Re3 53.Cf5+ Rf4 
0-1

[Event "?"]
[Site "Madrid ESP"]
[Date "1993.??.??"]
[Round "7"]
[White "Topalov, Veselin"]
[Black "Lautier, Joel"]
[Result "1/2-1/2"]
[WhiteElo "2635"]
[BlackElo "2645"]
[EventDate "1993.06.??"]

1.e4 c5 2.Cf3 e6 3.d4 cxd4 4.Cxd4 Cc6 5.Cc3 Dc7 6.Fe3 a6 7.Fd3 Cf6 8.O-O 
Fd6 9.h3 Ff4 10.Fxf4 Dxf4 11.Cxc6 dxc6 12.a4 Dc7 13.a5 e5 14.Dd2 Fe6 15.
Ca4 Td8 16.Dc3 O-O 17.Cc5 Fc8 18.Tad1 Ch5 19.Fc4 Cf4 20.b4 De7 21.Df3 h5 
22.c3 g5 23.Cd3 Cxd3 24.Fxd3 h4 25.Fc4 Rg7 26.Txd8 1/2-1/2

[Event "?"]
[Site "Madrid ESP"]
[Date "1993.??.??"]
[Round "8"]
[White "Topalov, Veselin"]
[Black "San Segundo Carrillo, Pablo"]
[Result "1/2-1/2"]
[WhiteElo "2635"]
[BlackElo "2440"]
[EventDate "1993.06.??"]

1.e4 c5 2.Cf3 d6 3.d4 cxd4 4.Cxd4 Cf6 5.Cc3 Cc6 6.Fg5 e6 7.Dd2 a6 8.O-O-O 
h6 9.Ff4 Fd7 10.Cxc6 Fxc6 11.f3 d5 12.De1 Fb4 13.a3 Fa5 14.Fd2 Tc8 15.Rb1 
dxe4 16.fxe4 De7 17.e5 Cd7 18.Dg3 Fc7 19.Dxg7 Fxe5 20.Dg4 Cf6 21.Dh3 
1/2-1/2

[Event "PCA"]
[Site "Groningen NED"]
[Date "1993.??.??"]
[Round "1"]
[White "Topalov, Veselin"]
[Black "Granda Zuniga, Julio E"]
[Result "1/2-1/2"]
[WhiteElo "2650"]
[BlackElo "2605"]
[EventDate "1993.12.??"]

1.e4 d6 2.d4 g6 3.Cc3 Fg7 4.Fe3 c6 5.Dd2 Cd7 6.f3 b5 7.h4 b4 8.Cd1 Da5 9.
Cf2 Tb8 10.h5 gxh5 11.Ce2 Cgf6 12.Cg3 Tg8 13.Cd3 Fa6 14.Rf2 Fxd3 15.Fxd3 
c5 16.Cf5 Dc7 17.c3 bxc3 18.Cxg7+ Txg7 19.bxc3 e5 20.Tab1 Re7 21.Txb8 Dxb8
22.dxc5 Cxc5 23.Fxc5 dxc5 24.Tb1 Dd6 25.Tb7+ Cd7 26.De3 a6 27.Ta7 Db6 28.
Txa6 Db2+ 29.Fe2 Tg6 30.Ta7 Db6 31.Ta8 Df6 32.Ta7 Db6 33.Ta6 Db2 34.Ta8 h6
35.Ta7 Tc6 36.a4 c4 37.a5 Db5 38.Rg3 Ta6 39.Rh2 Dxa5 40.Tb7 Tc6 41.Fxc4 
Tc7 42.Txc7 Dxc7 43.Fd5 Dd6 44.Df2 Df6 45.c4 Df4+ 46.Dg3 Dg5 47.Rh3 f5 48.
Dxg5+ hxg5 49.exf5 Cf6 50.Fe6 Rd6 51.Ff7 Rc5 52.Rg3 Rd4 53.Rf2 h4 54.Fe6 
Ch5 1/2-1/2

[Event "PCA"]
[Site "Groningen NED"]
[Date "1993.??.??"]
[Round "2"]
[White "Hjartarson, Johann"]
[Black "Topalov, Veselin"]
[Result "1/2-1/2"]
[WhiteElo "2605"]
[BlackElo "2650"]
[EventDate "1993.12.??"]

1.e4 c5 2.Cf3 d6 3.d4 cxd4 4.Cxd4 Cf6 5.Cc3 g6 6.Fe2 Fg7 7.Cb3 O-O 8.O-O 
a6 9.Fg5 Cbd7 10.Te1 b5 11.Fd3 Tb8 12.Dd2 Ce5 13.Cd5 Cxd5 14.exd5 Te8 15.
Ca5 Dc7 16.Ff1 b4 17.Cb3 a5 18.Tac1 a4 19.Cd4 Fd7 20.b3 Da5 21.Ce2 axb3 
22.axb3 Fc8 23.Ted1 Fb7 24.h3 Tbc8 25.Fh6 Tc5 26.Fxg7 Rxg7 27.Cf4 Rg8 28.
Ta1 Dc7 29.Dxb4 Txc2 30.Ta7 Tb8 31.Tda1 Dc3 32.Dxc3 Txc3 33.b4 Tb3 34.b5 
Cd7 35.h4 h6 36.g3 Rg7 37.Td1 Cc5 38.Te1 Rf6 39.Fc4 Tb4 40.Tc1 Ta8 41.Txa8
Fxa8 42.Tc2 Ca4 43.Fd3 Cc5 44.Fc4 Fb7 45.f3 Cd7 46.Ff1 Cb6 47.Td2 Fc8 48.
Ta2 Tb1 49.Rf2 Fb7 50.Td2 Tb3 51.g4 e6 52.g5+ hxg5 53.hxg5+ Re7 54.Ta2 
Fxd5 55.Cxd5+ exd5 56.Ta7+ Rf8 57.Ta6 Cc4 58.Fxc4 dxc4 59.Txd6 Txb5 60.Tc6
Tb2+ 61.Re3 Tc2 62.Rd4 Re7 63.f4 Tc1 64.Txc4 Txc4+ 65.Rxc4 Re6 66.Rd4 Rf5 
67.Re3 1/2-1/2

[Event "PCA"]
[Site "Groningen NED"]
[Date "1993.??.??"]
[Round "3"]
[White "Topalov, Veselin"]
[Black "Vaganian, Rafael A"]
[Result "1/2-1/2"]
[WhiteElo "2650"]
[BlackElo "2615"]
[EventDate "1993.12.??"]

1.e4 e6 2.d4 d5 3.Cc3 Fb4 4.e5 b6 5.Dg4 Ff8 6.Fg5 Dd7 7.f4 h6 8.Fh4 h5 9.
Dh3 Fa6 10.Cf3 Ch6 11.O-O-O Fxf1 12.Thxf1 Cc6 13.Cg1 Cf5 14.Ff2 g6 15.Df3 
Ca5 16.g3 c5 17.h3 cxd4 18.Fxd4 Tc8 19.Ff2 b5 20.g4 hxg4 21.hxg4 Ce7 22.
Dd3 Tc4 23.b3 Txf4 24.Cxb5 Cec6 25.Dg3 Tb4 26.Cd4 Cxd4 27.Fxd4 Cc6 28.Fb2 
Te4 29.Rb1 Fh6 30.Tde1 Txe1+ 31.Txe1 d4 32.Cf3 d3 33.Dg2 Cb4 34.Cd4 dxc2+ 
35.Cxc2 Cd5 36.Ca3 Ff4 37.Th1 Txh1+ 38.Dxh1 Dc6 39.Dh8+ Rd7 40.Df8 Ce7 41.
Ra1 Dc5 42.Dxf7 Fxe5 43.Df1 Fxb2+ 44.Rxb2 Dd4+ 45.Rb1 De4+ 46.Rb2 Dd4+ 47.
Rb1 e5 48.Df6 De4+ 49.Rb2 Df4 50.Da6 Dd4+ 51.Rb1 e4 52.Cc2 Dd1+ 53.Rb2 Cc6
54.Db7+ Rd6 55.Dc8 Df3 56.b4 Df6+ 57.Rb3 Df3+ 58.Rb2 e3 59.De8 Dxg4 60.
Dxe3 Df5 61.a4 De5+ 1/2-1/2

[Event "PCA"]
[Site "Groningen NED"]
[Date "1993.??.??"]
[Round "4"]
[White "Ribli, Zoltan"]
[Black "Topalov, Veselin"]
[Result "1/2-1/2"]
[WhiteElo "2610"]
[BlackElo "2650"]
[EventDate "1993.12.??"]

1.Cf3 f5 2.g3 Cf6 3.Fg2 d6 4.d4 g6 5.b3 Fg7 6.Fb2 O-O 7.O-O Ce4 8.c4 Cc6 
9.Cbd2 Cxd2 10.Dxd2 e5 11.dxe5 dxe5 12.Dd5+ Rh8 13.Dxd8 Txd8 14.Tfd1 Txd1+
15.Txd1 e4 1/2-1/2